00878nas a2200253 450000500170000000800410001702200130005808200410007110000390011210000430015111000420019424501210023626000150035726000320037226000090040430000190041344000270043265000170045965000240047665000180050065000290051865000120054777300650055920180807104704.0180807b xxu||||| |||| 00| 0 spa d a16593359 aTEC Empresarial Vol. 12, N° 1, 2018 aLópez Fernández, José Manuel aSomohano Rodríguez, Francisco Manuel aMartínez García, Francisco Javier aEfecto de la innovación en la rentabilidad de las Mipymes en contextos económicos de la recesión y expansión aCosta Rica bTecnológico de Costa Rica c2018 a7-18 páginas aTEC Empresarialn1v12 aINNOVACIÓN aVENTAJA COMPETITIVA aMICROEMPRESAS aDIVULGACIÓN VOLUNTARIA aMIPYMES0 08043abdCosta RicaoTE18112tTEC Empresarialwx16592395z